=LDR 00000nam 2200000 4500 =001 INLIS000000000000429 =005 20150312114156.0 =006 =007 =008 Ind =035 ##$$0010-061300000000429 =041 ##$$a Ind =082 ##$$a 910.76 =090 ##$$a 910.76 Kus l =100 ##$$a Kuswanto =245 ##$$a Lembar kerja siswa ( LKS ) IPS geografi untuk kelas 1,2 dan 3 caturwulan 1 / Kuswanto; Suparman; Fatimah =260 ##$$a Solo $b Tiga Serangkai $c 1994 =300 ##$$a ...jild. : ilus. ; 28 cm =650 ##$$a Geografi =650 ##$$a Lembar Kerja Siswa =700 ##$$a Suparman 3. Fatimah =850 ##$$a NBPNMAT